000 01415cam a2200397 i 4500
001 1717175
003 OSt
005 20260702100558.0
008 750108s1975 nyuaf b 001 0 eng
010 _a 72096229
020 _a038501029X :
_c$8.00
035 _a1717175
035 _a(DLC) 72096229
040 _aDLC
_cDLC
_dDLC
_dOCoLC
_dDLC
041 1 _aeng
_aheb
050 0 0 _aBS192.2.A1 1964
_b.G3 vol. 6A
_aBS1305.3
082 0 0 _a220.6/6 s
_a222/.32/077
130 0 _aBible.
_pJudges.
_lEnglish.
_sBoling.
_f1975.
245 1 0 _aJudges /
_cintrod., translation, and commentary by Robert G. Boling.
250 _a1st ed.
260 _aGarden City, N.Y. :
_bDoubleday,
_c[1975]
300 _axxi, 338 p., [6] leaves of plates :
_bill. ;
_c24 cm.
336 _atext
_btxt
_2rdacontent
337 _aunmediated
_bn
_2rdamedia
338 _avolume
_bnc
_2rdacarrier
490 1 _aThe Anchor Bible ;
_v6A
504 _aIncludes bibliographical references and indexes.
583 _aCataloguing:
_c20260702
_kgtanuigtanui
630 0 0 _aBible.
_pJudges
_xCommentaries.
700 1 _aBoling, Robert G.,
_eed.
830 0 _aBible.
_lEnglish.
_sAnchor Bible.
_f1964 ;
_vv. 6A.
856 4 2 _3Publisher description
_uhttp://www.loc.gov/catdir/description/random0413/72096229.html
906 _a7
_bcbc
_corignew
_d2
_eopcn
_f19
_gy-gencatlg
942 _2lcc
_cBK
999 _c21748
_d21747